000
00329 a2200145 4500
001
47910
040
_c
Anchieta - Aquarius
100
_a
Universidade Federal do Espírito Santo
240
1
0
_a
Coletânea de Poemas
_l
por
245
1
0
_a
Coletânea de Poemas
300
_a
124
362
0
_a
2015
650
4
_a
Poesia
942
_c
BK
999
_c
47910
_d
47910